000 01076cam a22002651i 4500
003 SA-RiAUC
005 20260307141015.0
008 260220s1910 ua g 000 0 ara c
040 _aEG-CaDAJ
_bara
_cSA-RiAUC
_erda
082 0 4 _a599.938
090 _aم ن 599.938
_bا ح م
100 1 _aأحمد الحسيني، أحمد بن أحمد بن يوسف،
_cبك،
_d1271-1332 هجري
_eمؤلف.
245 1 2 _aالبيان في أصل تكوين الإنسان /
_cأحمد الحسيني.
264 1 _a[مكان النشر غير محدد] :
_b[الناشر غير محدد]،
_c[1910]
264 3 _aالقاهرة :
_bمطبعة كردستان العلمية
300 _a208 صفحة؛
_c29 سم.
336 _aنص
_btxt
_2rdacontent
_3كتاب
337 _aبدون وسيط
_bn
_2rdamedia
338 _aمجلد
_bnc
_2rdacarrier
650 7 _aأصل الإنسان
_2aucsh
650 7 _aالسلالات البشرية
_2aucsh
650 7 _aالنشوء والارتقاء
_2aucsh
942 _2ddc
_cRBOOK COPY
_n0
949 _aSA-JeALM
_d260220
_umohamedma123
_n1
999 _c14532
_d14532